01451cam a2200205Ia 4500020001800000020001500018040001000033082002600043100002500069245003300094260012600127300003200253490003300285520076000318650001301078650001801091650001901109710006001128856005701188 a9789251061343 a9251061343 cBTCTA a636 RUR 2009 A036 Or.1 aHenriksen, J©ırgen10aMilk for health and wealth / aRome :bRural Infrastructure and Agro-Industries Division, Food and Agriculture Organization of the United Nations,c2009 avii, 58 p. :bill. ;c21 cm1 aFAO diversification booklet, aSmallholder dairying offers high returns to land and labor, a source of regular income, gives women an opportunity to become economically active, encourages cooperation between smallholders and transfers capital from urban centers to rural areas through the trade of milk: a low risk and low cost activity that has the potential to reduce poverty and improve livelihoods. The target audience for the FAO Diversification booklets are people and organizations that provide advisory, business and technical support to small-scale farmers and local communities in low and middle-income countries, as well as policy makers and program managers. Each booklet identifies additional sources of information, technical support and websites.--Publisher's description 0aDairying 0aDairy farming 0aDairy products2 aFood and Agriculture Organization of the United Nations11uftp://ftp.fao.org/docrep/fao/011/i0521e/i0521e00.pdf